[Event "FRA ch blitz  2010"]
[Site "Paris"]
[Date "2010.??.??"]
[Round "6"]
[White "Fedorchuk, Sergey A"]
[Black "Moussard, Jules"]
[Result "1-0"]
[WhiteElo "2645"]
[BlackElo "2330"]
[PlyCount "40"]
[EventDate "2010.02.??"]
[EventType "tourn (blitz)"]
[EventRounds "13"]
[EventCountry "FRA"]

1. e4 c5 2. Nf3 d6 3. d4 Nf6 4. Nc3 e5 5. Bc4 h6 6. O-O Nc6 7. h3 Be7 8. Qe2
Be6 9. Rd1 O-O 10. Nd5 a6 11. c3 Qc7 12. Be3 Na5 13. Nh2 Rac8 14. Nf1 Nxc4 15.
Ng3 Rfd8 16. Nf5 Bf8 17. b3 Kh7 18. Rd3 b5 19. Qf3 g6 20. Rad1 Qb6 1-0

[Event "FRA ch blitz  2010"]
[Site "Paris"]
[Date "2010.??.??"]
[Round "6"]
[White "Shchekachev, Andrei"]
[Black "Feller, Sebastien"]
[Result "1-0"]
[WhiteElo "2520"]
[BlackElo "2570"]
[PlyCount "103"]
[EventDate "2010.02.??"]
[EventType "tourn (blitz)"]
[EventRounds "13"]
[EventCountry "FRA"]

1. Nf3 Nf6 2. c4 e6 3. Nc3 d5 4. d4 dxc4 5. Bg5 Bb4 6. Qa4+ Nc6 7. e4 Bd7 8.
Qc2 h6 9. Bd2 b5 10. Nxb5 Bxd2+ 11. Nxd2 a6 12. Nc3 Nxd4 13. Qd1 c5 14. Nxc4
O-O 15. Bd3 Bb5 16. O-O Nd7 17. Qh5 Rb8 18. b3 Bxc4 19. Bxc4 Qf6 20. f4 a5 21.
e5 Qf5 22. Qxf5 Nxf5 23. Rfe1 Nb6 24. Bf1 Rfd8 25. g3 Rd2 26. Ne4 Rc2 27. Rec1
Rxc1 28. Rxc1 c4 29. bxc4 Nd4 30. c5 Nd5 31. c6 Rc8 32. Rc4 Nxc6 33. Nd6 Rc7
34. Nb5 Rc8 35. Bg2 Nce7 36. Rxc8+ Nxc8 37. Bxd5 Ne7 38. Kf2 exd5 39. Ke3 Nc6
40. a3 Kf8 41. Nc7 d4+ 42. Ke4 Ke7 43. Nb5 a4 44. Nxd4 Na5 45. Kd3 f6 46. Kc3
Nb7 47. Kb4 Nd8 48. Kxa4 Nf7 49. e6 Ne5 50. Kb5 Kd6 51. a4 Ng4 52. a5 1-0

[Event "FRA ch blitz  2010"]
[Site "Paris"]
[Date "2010.??.??"]
[Round "7"]
[White "Sochacki, Christophe"]
[Black "Shchekachev, Andrei"]
[Result "0-1"]
[WhiteElo "2319"]
[BlackElo "2545"]
[PlyCount "81"]
[EventDate "2010.02.??"]
[EventType "tourn (blitz)"]
[EventRounds "13"]
[EventCountry "FRA"]

1. e4 c5 2. Nf3 e6 3. d4 cxd4 4. Nxd4 a6 5. Nc3 b5 6. g3 Bb7 7. Bg2 Nf6 8. O-O
b4 9. Na4 Qc7 10. Re1 Nc6 11. e5 Ng8 12. f4 Nh6 13. Be3 Nxd4 14. Bxb7 Qxb7 15.
Bxd4 Nf5 16. Bf2 h5 17. Nc5 Qc6 18. Ne4 d5 19. exd6 Bxd6 20. Nxd6+ Nxd6 21. Qd4
O-O 22. Qxb4 Rfc8 23. Rac1 h4 24. b3 h3 25. Kf1 a5 26. Qd4 Qg2+ 27. Ke2 Nf5 28.
Qe5 Rd8 29. Rcd1 Qxh2 30. Qxa5 Rd5 31. Qc3 Qg2 32. a4 Nd4+ 33. Ke3 Qf3+ 34. Kd2
Nb5+ 35. Qd3 Rxd3+ 36. cxd3 Qxf2+ 37. Re2 Qc5 38. Rh2 Qf5 39. b4 Kf8 40. Rxh3
Ke7 41. Rhh1 0-1

[Event "FRA ch blitz  2010"]
[Site "Paris"]
[Date "2010.??.??"]
[Round "7"]
[White "Feller, Sebastien"]
[Black "Song, Julien"]
[Result "1-0"]
[WhiteElo "2570"]
[BlackElo "2245"]
[PlyCount "73"]
[EventDate "2010.02.??"]
[EventType "tourn (blitz)"]
[EventRounds "13"]
[EventCountry "FRA"]

1. d4 e6 2. c4 Nf6 3. Nf3 d5 4. Nc3 Be7 5. Bf4 O-O 6. a3 b6 7. e3 c5 8. cxd5
Nxd5 9. Nxd5 exd5 10. dxc5 bxc5 11. Bd3 Be6 12. Qc2 h6 13. O-O Nd7 14. e4 c4
15. Be2 dxe4 16. Nd4 Nc5 17. Nxe6 Nxe6 18. Be3 Nd4 19. Qxc4 Nxe2+ 20. Qxe2 Bf6
21. Rac1 Qd3 22. Qxd3 exd3 23. Rb1 Rfd8 24. Rfd1 a5 25. b4 axb4 26. axb4 Rab8
27. b5 Rd5 28. b6 Bd8 29. Rb3 Rd6 30. Kf1 Rb7 31. Rbxd3 Rxd3 32. Rxd3 Be7 33.
Rc3 Bd6 34. Rc8+ Kh7 35. Ke2 Kg6 36. Rc6 Rd7 37. Bc5 1-0

[Event "FRA ch blitz  2010"]
[Site "Paris"]
[Date "2010.??.??"]
[Round "7"]
[White "Franca, Ricardo Bedin"]
[Black "Shankland, Samuel L"]
[Result "1-0"]
[WhiteElo "2296"]
[BlackElo "2495"]
[PlyCount "83"]
[EventDate "2010.02.??"]
[EventType "tourn (blitz)"]
[EventRounds "13"]
[EventCountry "FRA"]

1. e4 c5 2. Nc3 a6 3. g3 b5 4. Bg2 Bb7 5. d3 e6 6. Nh3 d6 7. O-O Nd7 8. f4 g6
9. f5 Bg7 10. fxe6 fxe6 11. Ng5 Qe7 12. Nf7 Ngf6 13. Nxh8 Bxh8 14. Bg5 O-O-O
15. Bh3 Re8 16. Ne2 Bc6 17. Qd2 Kb7 18. Rf2 Rf8 19. Raf1 Rf7 20. Qe3 Bg7 21. c3
Ne5 22. b3 h6 23. Bxf6 Rxf6 24. d4 Rxf2 25. Rxf2 Nf7 26. Nf4 Ng5 27. Bg2 cxd4
28. cxd4 e5 29. dxe5 Qxe5 30. h4 Nxe4 31. Re2 d5 32. Bxe4 dxe4 33. Kh2 Qa1 34.
Ne6 Qe5 35. Nd8+ Kc7 36. Nxc6 Kxc6 37. Rc2+ Kb7 38. Rd2 Qe6 39. Qc5 Be5 40. Qc4
Bc7 41. Rd7 g5 42. Re7 1-0

[Event "FRA ch blitz  2010"]
[Site "Paris"]
[Date "2010.??.??"]
[Round "7"]
[White "Manoeuvre, Antoine"]
[Black "Cori Tello, Jorge"]
[Result "0-1"]
[WhiteElo "2210"]
[BlackElo "2465"]
[PlyCount "197"]
[EventDate "2010.02.??"]
[EventType "tourn (blitz)"]
[EventRounds "13"]
[EventCountry "FRA"]

1. d4 Nf6 2. c4 g6 3. Nc3 Bg7 4. e4 d6 5. Be2 O-O 6. Nf3 e5 7. O-O Nc6 8. d5
Ne7 9. b4 Nd7 10. Re1 f5 11. Ng5 Nf6 12. Bf3 h6 13. Ne6 Bxe6 14. dxe6 c6 15. b5
fxe4 16. Nxe4 d5 17. Nxf6+ Rxf6 18. cxd5 cxd5 19. Ba3 e4 20. Bxe4 Rxe6 21. Bxe7
Rxe7 22. Qxd5+ Kh8 23. Rad1 Qxd5 24. Bxd5 Rxe1+ 25. Rxe1 Rd8 26. Bxb7 Rd2 27.
g3 Bd4 28. Rf1 Rxa2 29. Kg2 Kg7 30. Bd5 Rb2 31. Bc6 Kf6 32. Kf3 Bb6 33. h4 Rb3+
34. Kg2 Rb2 35. Kf3 Rb3+ 36. Ke4 Rb4+ 37. Kd3 Rb2 38. f4 Rb3+ 39. Ke4 Rxg3 40.
Rd1 Re3+ 41. Kd5 Kf5 42. Rf1 Rd3+ 43. Kc4 Rd4+ 44. Kc3 h5 45. Rf3 Rxf4 46. Bd7+
Ke5 47. Rg3 Kf6 48. Rh3 Bf2 49. Kd3 Bxh4 50. Ke3 Bg5 51. Kd3 Rb4 52. Rh1 Bf4
53. Be8 Rb3+ 54. Kc4 Rb2 55. Rf1 Kg5 56. Bxg6 h4 57. Be4 h3 58. Rg1+ Kf6 59.
Bc6 h2 60. Rf1 Ke5 61. Re1+ Kd6 62. Rd1+ Ke5 63. Re1+ Kf5 64. Rf1 Rc2+ 65. Kb3
Rc5 66. Kb4 Re5 67. Bd7+ Kg5 68. Bc6 Be3 69. Rd1 Kg4 70. Rd8 Bc5+ 71. Kc4 Bg1
72. Rg8+ Kf4 73. Rf8+ Ke3 74. Rf3+ Kd2 75. Rh3 Rc5+ 76. Kb4 Rc1 77. Rh7 Ke3 78.
Re7+ Kf4 79. Rf7+ Kg3 80. Rh7 Rb1+ 81. Kc4 Bb6 82. Rg7+ Kf4 83. Rf7+ Ke5 84.
Re7+ Kf6 85. Rh7 Rb2 86. Rh3 Rc2+ 87. Kb3 Rf2 88. Rh8 Kg7 89. Rh3 Re2 90. Rg3+
Kf6 91. Rf3+ Ke5 92. Rh3 Re3+ 93. Rxe3+ Bxe3 94. Ka4 Bb6 95. Kb3 Kf4 96. Kc3
Ke3 97. Kb4 Kd4 98. Ka4 Kc5 99. Kb3 0-1

[Event "FRA ch blitz  2010"]
[Site "Paris"]
[Date "2010.??.??"]
[Round "8"]
[White "Cori Tello, Jorge"]
[Black "Franca, Ricardo Bedin"]
[Result "0-1"]
[WhiteElo "2462"]
[BlackElo "2300"]
[PlyCount "100"]
[EventDate "2010.02.??"]
[EventType "tourn (blitz)"]
[EventRounds "13"]
[EventCountry "FRA"]

1. e4 c5 2. Nf3 d6 3. Bb5+ Bd7 4. Bxd7+ Qxd7 5. O-O Nc6 6. c3 Nf6 7. Re1 e6 8.
d4 cxd4 9. cxd4 d5 10. e5 Ne4 11. Be3 Be7 12. Nfd2 Nxd2 13. Qxd2 Rc8 14. Nc3
Bb4 15. Rac1 Na5 16. a3 Nc4 17. Qe2 Nxa3 18. f4 Nc4 19. Rf1 O-O 20. Bf2 Rc6 21.
b3 Na5 22. Na2 Be7 23. Rxc6 Nxc6 24. Be3 f5 25. exf6 Bxf6 26. Qd2 Qc7 27. Nc3
Qb6 28. Na4 Qxb3 29. Nc5 Qxe3+ 30. Qxe3 Bxd4 31. Qxd4 Nxd4 32. g3 b6 33. Nd7
Rc8 34. Rd1 Rc4 35. Ne5 Rb4 36. Nd3 Ra4 37. Kg2 Ra2+ 38. Nf2 Nf5 39. Rc1 h5 40.
Kf3 Nd4+ 41. Kg2 b5 42. Rc8+ Kh7 43. Kf1 Nf3 44. Nd3 Nxh2+ 45. Kg1 Nf3+ 46. Kf1
a5 47. Rb8 b4 48. Nc5 Nd4 49. Rb7 b3 50. Nd7 b2 0-1

[Event "FRA ch blitz  2010"]
[Site "Paris"]
[Date "2010.??.??"]
[Round "8"]
[White "Cornette, Matthieu"]
[Black "Ider, Borya"]
[Result "1-0"]
[WhiteElo "2577"]
[BlackElo "2276"]
[PlyCount "71"]
[EventDate "2010.02.??"]
[EventType "tourn (blitz)"]
[EventRounds "13"]
[EventCountry "FRA"]

1. e4 e6 2. d4 d5 3. Nc3 Bb4 4. e5 Ne7 5. a3 Bxc3+ 6. bxc3 c5 7. Qg4 Qc7 8.
Qxg7 Rg8 9. Qxh7 cxd4 10. Ne2 Nbc6 11. f4 dxc3 12. Qd3 d4 13. Rb1 Bd7 14. h4
O-O-O 15. h5 Nf5 16. Rg1 Nxe5 17. fxe5 Qxe5 18. Bf4 Qd5 19. g3 Bc6 20. Bg2 Qc5
21. Bxc6 Qxc6 22. Qb5 Qxb5 23. Rxb5 b6 24. g4 Nh4 25. Kf2 d3 26. cxd3 Rxd3 27.
Rg3 Rxg3 28. Kxg3 Nf5+ 29. Kh3 Ne7 30. Nxc3 Rd8 31. Ne2 Rd3+ 32. Bg3 Nd5 33.
Rb1 Re3 34. h6 Nf6 35. Rf1 Ne4 36. Kh4 1-0

[Event "FRA ch blitz  2010"]
[Site "Paris"]
[Date "2010.??.??"]
[Round "8"]
[White "Zherebukh, Yaroslav"]
[Black "Moussard, Jules"]
[Result "1-0"]
[WhiteElo "2527"]
[BlackElo "2330"]
[PlyCount "90"]
[EventDate "2010.02.??"]
[EventType "tourn (blitz)"]
[EventRounds "13"]
[EventCountry "FRA"]

1. Nf3 g6 2. g3 Bg7 3. Bg2 Nf6 4. c4 O-O 5. Nc3 c5 6. d4 cxd4 7. Nxd4 Nc6 8.
O-O Qb6 9. Nb3 d6 10. h3 Be6 11. Nd5 Bxd5 12. cxd5 Ne5 13. Be3 Qa6 14. Bd4 Nfd7
15. Rc1 Rac8 16. Rxc8 Rxc8 17. a3 Qa4 18. f4 Nc4 19. Bxg7 Kxg7 20. Qd4+ Kg8 21.
Nd2 Qc2 22. Nxc4 Rxc4 23. Qe3 Kf8 24. Qxa7 Qxb2 25. Bf3 Nc5 26. Qb8+ Kg7 27.
Qc7 Qd4+ 28. Kg2 Qe3 29. Qb6 h5 30. f5 h4 31. fxg6 fxg6 32. Qd8 hxg3 33. Bg4
Qf4 34. Qxe7+ Qf7 35. Qe3 Qxd5+ 36. Bf3 Qe5 37. Qd2 Ne6 38. e3 Ng5 39. Bxb7 Qf5
40. Qd4+ Kf7 41. Bd5+ Ke7 42. Kxg3 Qxh3+ 43. Kf2 Qh2+ 44. Ke1 Qg1 45. Kd2 Qf2+
1-0

[Event "FRA ch blitz  2010"]
[Site "Paris"]
[Date "2010.??.??"]
[Round "8"]
[White "Feller, Sebastien"]
[Black "Battaglini, Gabriel"]
[Result "1-0"]
[WhiteElo "2570"]
[BlackElo "2380"]
[PlyCount "125"]
[EventDate "2010.02.??"]
[EventType "tourn (blitz)"]
[EventRounds "13"]
[EventCountry "FRA"]

1. d4 e6 2. c4 d5 3. Nf3 Nf6 4. g3 c6 5. Bg2 Be7 6. O-O O-O 7. Qc2 Nbd7 8. Rd1
b6 9. b3 Bb7 10. Nbd2 Re8 11. e4 dxe4 12. Nxe4 Nxe4 13. Qxe4 Nf6 14. Qc2 Qc7
15. Bf4 Bd6 16. Bxd6 Qxd6 17. c5 bxc5 18. dxc5 Qe7 19. a3 a5 20. Nd2 Nd5 21.
Ne4 Reb8 22. Nd6 Ba6 23. Rd4 Qf6 24. Rad1 Ra7 25. Nc4 Rb5 26. Nb6 Qe7 27. b4
axb4 28. axb4 g6 29. Bxd5 cxd5 30. Qd2 Bb7 31. Qe2 Bc6 32. Nc8 Qc7 33. Nxa7
Qxa7 34. Qe5 Qa4 35. Rb1 Qa2 36. Re1 Qa4 37. Rb1 Qa2 38. Rdd1 Qc4 39. Qd6 Bb7
40. Rdc1 Rxb4 41. Rxc4 Rxb1+ 42. Kg2 dxc4+ 43. c6 c3 44. cxb7 Rxb7 45. Qd8+ Kg7
46. Qd4+ Kg8 47. Qxc3 Rb5 48. Qc6 Rd5 49. Qc4 Kg7 50. Qe4 Kg8 51. h4 Kg7 52.
Qe3 Kg8 53. Qc3 Kf8 54. Qh8+ Ke7 55. Qxh7 Rh5 56. Qg7 Rd5 57. g4 Rb5 58. Qh6
Kf6 59. Qh8+ Ke7 60. h5 Rg5 61. Kf1 f6 62. h6 Kf7 63. Ke1 1-0

[Event "FRA ch blitz  2010"]
[Site "Paris"]
[Date "2010.??.??"]
[Round "8"]
[White "Demuth, Adrien"]
[Black "Fedorchuk, Sergey A"]
[Result "0-1"]
[WhiteElo "2387"]
[BlackElo "2645"]
[PlyCount "72"]
[EventDate "2010.02.??"]
[EventType "tourn (blitz)"]
[EventRounds "13"]
[EventCountry "FRA"]

1. d4 Nf6 2. c4 e6 3. Nf3 Bb4+ 4. Bd2 Bxd2+ 5. Qxd2 O-O 6. g3 d5 7. Qc2 c6 8.
Bg2 b6 9. O-O Ba6 10. cxd5 cxd5 11. Nc3 Nbd7 12. Qa4 Bb7 13. Rac1 a6 14. Qb3
Ne4 15. Ne5 Nd2 16. Qa4 b5 17. Qb4 Nxe5 18. dxe5 Nxf1 19. Kxf1 Rc8 20. e3 Rc4
21. Qb3 Qc7 22. Rd1 Qxe5 23. a4 bxa4 24. Qxb7 a3 25. Ne2 Qxb2 26. Qxa6 a2 27.
Bf3 Rc2 28. Qa4 g6 29. h4 Rfc8 30. Kg2 Rxe2 31. Bxe2 Qxe2 32. Ra1 Rc2 33. Qf4
Qb5 34. Qf6 Qb2 35. Qxb2 Rxb2 36. Kf3 e5 0-1

[Event "FRA ch blitz  2010"]
[Site "Paris"]
[Date "2010.??.??"]
[Round "8"]
[White "Meier, Georg"]
[Black "Shchekachev, Andrei"]
[Result "1-0"]
[WhiteElo "2663"]
[BlackElo "2545"]
[PlyCount "42"]
[EventDate "2010.02.??"]
[EventType "tourn (blitz)"]
[EventRounds "13"]
[EventCountry "FRA"]

1. Nf3 g6 2. d4 Bg7 3. e4 d6 4. Nc3 Nf6 5. Be2 O-O 6. O-O c6 7. Re1 Qa5 8. Nd2
Qc7 9. a4 e5 10. Nc4 Rd8 11. Be3 Nbd7 12. d5 cxd5 13. exd5 a6 14. a5 Re8 15.
Na4 Rb8 16. Qd2 Nf8 17. Ba7 Ra8 18. Bb6 Qe7 19. Rad1 Bd7 20. Qb4 Bxa4 21. Qxa4
N8d7 1-0

[Event "FRA ch blitz  2010"]
[Site "Paris"]
[Date "2010.??.??"]
[Round "9"]
[White "Fier, Alexander Hilario T"]
[Black "Demuth, Adrien"]
[Result "1-0"]
[WhiteElo "2653"]
[BlackElo "2380"]
[PlyCount "75"]
[EventDate "2010.02.??"]
[EventType "tourn (blitz)"]
[EventRounds "13"]
[EventCountry "FRA"]

1. d4 Nf6 2. c4 g6 3. Nc3 d5 4. Bf4 Bg7 5. e3 O-O 6. Rc1 c6 7. Nf3 Re8 8. h3
Ne4 9. Bd3 Nxc3 10. Rxc3 c5 11. O-O cxd4 12. exd4 Nc6 13. cxd5 Qxd5 14. Bc4 Qf5
15. Be3 Rd8 16. Rd3 Nb4 17. Rd2 Be6 18. g4 Qa5 19. Bxe6 fxe6 20. a3 Nd5 21. Qc2
Qb6 22. Qe4 Nf6 23. Qb1 Nd5 24. Re1 Rf8 25. Ng5 Nxe3 26. Rxe3 Bxd4 27. Rxe6
Rxf2 28. Rxf2 Bxf2+ 29. Kg2 Qd4 30. Qa2 Kh8 31. Nf7+ Kg7 32. Rxe7 Bh4 33. Nd8+
Kh6 34. g5+ Bxg5 35. Nf7+ Kh5 36. b4 Bxe7 37. Qe2+ Kh4 38. Qc4 1-0

[Event "FRA ch blitz  2010"]
[Site "Paris"]
[Date "2010.??.??"]
[Round "9"]
[White "Meier, Georg"]
[Black "Feller, Sebastien"]
[Result "1/2-1/2"]
[WhiteElo "2663"]
[BlackElo "2570"]
[PlyCount "97"]
[EventDate "2010.02.??"]
[EventType "tourn (blitz)"]
[EventRounds "13"]
[EventCountry "FRA"]

1. e4 e5 2. Nf3 Nc6 3. Bb5 Nf6 4. O-O Nxe4 5. Re1 Nd6 6. Nxe5 Be7 7. Bf1 Nxe5
8. Rxe5 O-O 9. d4 g6 10. Re1 Nf5 11. c3 d5 12. Bf4 Be6 13. Nd2 Re8 14. Nf3 c6
15. Qb3 Qb6 16. Bd3 Ng7 17. h3 Bf5 18. Bxf5 Nxf5 19. Ne5 Qxb3 20. axb3 f6 21.
Nd3 Kf7 22. Kf1 Ng7 23. b4 Ne6 24. Bh2 a6 25. Re2 Bf8 26. Nc5 Nxc5 27. bxc5
Rxe2 28. Kxe2 Re8+ 29. Kd3 h5 30. Bf4 Re4 31. Bd2 f5 32. f3 Re8 33. Bf4 Bg7 34.
Ra4 Bf6 35. Rb4 Re7 36. b3 Rd7 37. Ra4 g5 38. Be3 f4 39. Bf2 Ke6 40. Ra1 Kf5
41. Rh1 Re7 42. c4 Rd7 43. Rh2 Rd8 44. Rh1 Rd7 45. Re1 Re7 46. Rh1 Rd7 47. Re1
Re7 48. Rxe7 Bxe7 49. Be1 1/2-1/2

[Event "FRA ch blitz  2010"]
[Site "Paris"]
[Date "2010.??.??"]
[Round "9"]
[White "Shchekachev, Andrei"]
[Black "Zherebukh, Yaroslav"]
[Result "0-1"]
[WhiteElo "2520"]
[BlackElo "2527"]
[PlyCount "84"]
[EventDate "2010.02.??"]
[EventType "tourn (blitz)"]
[EventRounds "13"]
[EventCountry "FRA"]

1. Nf3 Nf6 2. c4 c6 3. d4 d5 4. Nc3 e6 5. Bg5 Nbd7 6. cxd5 exd5 7. e3 Be7 8.
Bd3 Nf8 9. Qc2 Ne6 10. h3 Nxg5 11. Nxg5 h6 12. Nf3 Be6 13. O-O O-O 14. Ne5 Nd7
15. f4 Nxe5 16. dxe5 f5 17. Rad1 Qb6 18. Qe2 a5 19. Kh2 a4 20. g4 fxg4 21. f5
Bd7 22. f6 gxf6 23. e6 Bxe6 24. Bf5 Bxf5 25. Rxf5 Kh8 26. Qxg4 Qxb2+ 27. Ne2
Rg8 28. Qh5 Kh7 29. Rdf1 Rg6 30. R1f2 Rag8 31. R5f3 Qe5+ 32. Qxe5 fxe5 33. Rf5
Bd6 34. e4 d4 35. Nc1 c5 36. Rf7+ R6g7 37. R7f6 Rg6 38. Rf7+ R8g7 39. Nd3 c4
40. Nb2 b5 41. R7f6 a3 42. Nd1 b4 0-1

[Event "FRA ch blitz  2010"]
[Site "Paris"]
[Date "2010.??.??"]
[Round "9"]
[White "Lagarde, Maxime"]
[Black "Cornette, Matthieu"]
[Result "1-0"]
[WhiteElo "2393"]
[BlackElo "2570"]
[PlyCount "113"]
[EventDate "2010.02.??"]
[EventType "tourn (blitz)"]
[EventRounds "13"]
[EventCountry "FRA"]

1. e4 c5 2. Nf3 e6 3. d4 cxd4 4. Nxd4 Nc6 5. Nc3 Qc7 6. Be3 a6 7. f3 Nf6 8. Qd2
h5 9. O-O-O Be7 10. Kb1 b5 11. Bd3 Bb7 12. Rhe1 Ne5 13. f4 Nc4 14. Bxc4 bxc4
15. e5 Ne4 16. Nxe4 Bxe4 17. Ka1 g6 18. Ne2 Bxg2 19. Nc3 Bf3 20. Rb1 Rb8 21.
Qf2 Ba8 22. Bd4 h4 23. h3 Rh5 24. Rbd1 Bc6 25. Bc5 Qb7 26. Rb1 Bxc5 27. Qxc5
Qb4 28. Qd4 Rf5 29. Ne4 Bxe4 30. Rxe4 Rc8 31. b3 Qc5 32. Qxc5 Rxc5 33. bxc4 g5
34. fxg5 Rxg5 35. Rxh4 Rcxe5 36. Rb3 Re2 37. Kb2 Rgg2 38. Rc3 Ke7 39. c5 Rh2
40. Ra4 Re5 41. Rxa6 Rh5 42. Ra7 Ke8 43. Ra8+ Ke7 44. Ra7 Ke8 45. Ra8+ Ke7 46.
Ra7 Kd8 47. Ra8+ Kc7 48. Ra7+ Kc6 49. Ra6+ Kb7 50. Rd6 Kc7 51. Rdd3 f5 52. a4
f4 53. a5 e5 54. a6 Rh8 55. Rb3 e4 56. Rd6 Rb8 57. Rxd7+ 1-0

[Event "FRA ch blitz  2010"]
[Site "Paris"]
[Date "2010.??.??"]
[Round "9"]
[White "Franca, Ricardo Bedin"]
[Black "Fedorchuk, Sergey A"]
[Result "0-1"]
[WhiteElo "2296"]
[BlackElo "2645"]
[PlyCount "76"]
[EventDate "2010.02.??"]
[EventType "tourn (blitz)"]
[EventRounds "13"]
[EventCountry "FRA"]

1. e4 c5 2. Nc3 e6 3. f4 a6 4. g3 b5 5. Bg2 Bb7 6. d3 b4 7. Nce2 d5 8. Nh3 dxe4
9. Bxe4 Bxe4 10. dxe4 Qxd1+ 11. Kxd1 Nc6 12. Be3 O-O-O+ 13. Kc1 Nf6 14. Nf2 h5
15. h3 e5 16. f5 g6 17. a3 Kb7 18. Rd1 Rxd1+ 19. Kxd1 gxf5 20. exf5 Bh6 21.
Bxc5 Rd8+ 22. Ke1 Rd2 23. axb4 Rxc2 24. Rd1 Rxb2 25. Rd6 Bg7 26. Nc3 Kc7 27.
Nd3 Rb3 28. Nd5+ Nxd5 29. Rxd5 e4 30. Bd6+ Kc8 31. Nc5 Rxb4 32. Nxa6 Rb2 33.
Nc5 Bc3+ 34. Kf1 e3 35. Nd3 e2+ 36. Kg1 Rd2 37. Rc5 Rxd3 38. Rxc6+ Kd7 0-1

[Event "FRA ch blitz  2010"]
[Site "Paris"]
[Date "2010.??.??"]
[Round "10"]
[White "Shankland, Samuel L"]
[Black "Lagarde, Maxime"]
[Result "1-0"]
[WhiteElo "2486"]
[BlackElo "2380"]
[PlyCount "123"]
[EventDate "2010.02.??"]
[EventType "tourn (blitz)"]
[EventRounds "13"]
[EventCountry "FRA"]

1. d4 Nf6 2. c4 g6 3. Nc3 Bg7 4. e4 O-O 5. Nf3 d6 6. Be2 Na6 7. h3 e5 8. d5 Nc5
9. Nd2 a5 10. O-O Nfd7 11. b3 f5 12. Rb1 f4 13. a3 Nf6 14. b4 axb4 15. axb4 Na6
16. Ba3 b6 17. c5 Nxc5 18. bxc5 Rxa3 19. Nb5 Ra2 20. cxd6 cxd6 21. Bf3 Rf7 22.
Nc4 Bf8 23. Nc3 Ba6 24. Nxa2 Bxc4 25. Nb4 Bxf1 26. Qxf1 Rb7 27. Qa6 Qc7 28. Nc6
Nd7 29. Bg4 Nc5 30. Qc4 h5 31. Be6+ Kg7 32. f3 Be7 33. Qb5 Bh4 34. Ra1 Nxe6 35.
dxe6 Qc8 36. Qd5 Rc7 37. Rc1 Be7 38. Kh2 Kf6 39. Qb5 Qxe6 40. Qxb6 Rc8 41. Rd1
Bf8 42. Qb7 Re8 43. Nb4 g5 44. Qh7 Re7 45. Qxh5 Kg7 46. Qxg5+ Qg6 47. Qxg6+
Kxg6 48. Rxd6+ Kg5 49. Rd5 Kf6 50. Nd3 Re8 51. Rb5 Bd6 52. Rb6 Ke7 53. Nb4 Bc5
54. Rf6 Bf2 55. Rf5 Ba7 56. Rxf4 Bb8 57. Rg4 Kf7 58. h4 Rh8 59. Kh3 Bc7 60. f4
Bd8 61. g3 Ke6 62. Rg6+ 1-0

[Event "FRA ch blitz  2010"]
[Site "Paris"]
[Date "2010.??.??"]
[Round "10"]
[White "Cori Tello, Jorge"]
[Black "Shchekachev, Andrei"]
[Result "0-1"]
[WhiteElo "2462"]
[BlackElo "2545"]
[PlyCount "73"]
[EventDate "2010.02.??"]
[EventType "tourn (blitz)"]
[EventRounds "13"]
[EventCountry "FRA"]

1. d4 Nf6 2. c4 g6 3. Nf3 Bg7 4. g3 c5 5. d5 b5 6. cxb5 Qa5+ 7. Qd2 Qxd2+ 8.
Nbxd2 Nxd5 9. Bg2 Nb6 10. O-O a6 11. bxa6 Nxa6 12. Nb3 Bb7 13. Be3 d6 14. Nfd2
Bxg2 15. Kxg2 Nb4 16. a3 Nc2 17. Rab1 Nxe3+ 18. fxe3 O-O 19. Nc1 Rfb8 20. Nd3
Na4 21. b4 Nc3 22. Rb3 cxb4 23. Nxb4 Nxe2 24. Kf2 Nc3 25. Rc1 Na4 26. Nd5 Nc5
27. Rbb1 Re8 28. Nc4 f5 29. Rb6 Ne4+ 30. Kf3 e6 31. Nc7 Re7 32. Nb5 d5 33. Ncd6
Nxd6 34. Nxd6 Raa7 35. Nb5 Ra5 36. Rb8+ Kf7 37. Nd6+ 0-1

[Event "FRA ch blitz  2010"]
[Site "Paris"]
[Date "2010.??.??"]
[Round "10"]
[White "Zherebukh, Yaroslav"]
[Black "Meier, Georg"]
[Result "0-1"]
[WhiteElo "2527"]
[BlackElo "2663"]
[PlyCount "115"]
[EventDate "2010.02.??"]
[EventType "tourn (blitz)"]
[EventRounds "13"]
[EventCountry "FRA"]

1. Nf3 Nf6 2. d4 e6 3. g3 b6 4. Bg2 Bb7 5. O-O c5 6. c3 Be7 7. Re1 O-O 8. Bg5
d5 9. Nbd2 cxd4 10. cxd4 Nc6 11. e3 h6 12. Bxf6 Bxf6 13. a3 Rc8 14. Rc1 Qd6 15.
Bf1 Ne7 16. Qa4 a6 17. Bd3 g6 18. Nb1 Rc7 19. Rxc7 Qxc7 20. Nc3 b5 21. Qc2 Rc8
22. Rc1 Kg7 23. Qd2 Qb6 24. h4 Rc7 25. Ne2 Nc8 26. Nf4 Rxc1+ 27. Qxc1 Nd6 28.
Qc2 Ne4 29. Nd2 Qc6 30. Qxc6 Bxc6 31. Nb3 Be7 32. Ne2 Bd6 33. Na5 Ba8 34. Nc1
Nd2 35. Ncb3 Nc4 36. Bxc4 dxc4 37. Nc5 Bc7 38. Nab7 Bxb7 39. Nxb7 Bb6 40. Nd6
Kf8 41. Ne4 Ke7 42. Kf1 f5 43. Nc3 Kd6 44. Ke2 e5 45. dxe5+ Kxe5 46. Na2 Kd6
47. Nc3 Kc5 48. f3 Bc7 49. f4 Bd8 50. e4 Kd4 51. exf5 gxf5 52. Nd1 Ke4 53. Nc3+
Kd4 54. Nd1 Bf6 55. Kd2 Ke4 56. Ke2 Bd4 57. h5 a5 58. Nc3+ 0-1

[Event "FRA ch blitz  2010"]
[Site "Paris"]
[Date "2010.??.??"]
[Round "10"]
[White "Cori Tello, Jorge"]
[Black "Doncea, Vladimir"]
[Result "1-0"]
[WhiteElo "2462"]
[BlackElo "2490"]
[PlyCount "85"]
[EventDate "2010.02.??"]
[EventType "tourn (blitz)"]
[EventRounds "13"]
[EventCountry "FRA"]

1. e4 c5 2. Nf3 e6 3. d4 cxd4 4. Nxd4 Nf6 5. Nc3 Nc6 6. Be2 Bb4 7. Nxc6 bxc6 8.
O-O d5 9. exd5 cxd5 10. Qd4 Bd6 11. Nb5 Be7 12. Bf4 O-O 13. Nxa7 Bb7 14. Nb5
Ne4 15. Qd1 Bc5 16. Be3 Bxe3 17. fxe3 Qg5 18. Qd3 e5 19. Bf3 Nc5 20. Qd2 Rad8
21. Rfd1 e4 22. Be2 f5 23. Rf1 Ne6 24. Nd4 Nxd4 25. Qxd4 Rd6 26. g3 h5 27. Rf4
Rh6 28. Rh4 Qe7 29. Rxh5 Rg6 30. Rf1 Qe6 31. c4 Rgf6 32. c5 Bc6 33. b4 Ra8 34.
b5 Be8 35. Rh4 Rxa2 36. Rf2 Qe7 37. Rhf4 g6 38. g4 Rf7 39. Rg2 Rg7 40. Bf1 Ra1
41. c6 Rc1 42. Rxf5 Rc5 43. Re5 1-0

[Event "FRA ch blitz  2010"]
[Site "Paris"]
[Date "2010.??.??"]
[Round "10"]
[White "Fedorchuk, Sergey A"]
[Black "Feller, Sebastien"]
[Result "0-1"]
[WhiteElo "2645"]
[BlackElo "2570"]
[PlyCount "62"]
[EventDate "2010.02.??"]
[EventType "tourn (blitz)"]
[EventRounds "13"]
[EventCountry "FRA"]

1. e4 e5 2. Bc4 Nf6 3. d3 Nc6 4. Nf3 Bc5 5. c3 d6 6. Bb3 a6 7. h3 O-O 8. Nbd2
Ba7 9. Qe2 Ne7 10. Nf1 Ng6 11. g4 d5 12. Ng3 dxe4 13. dxe4 Nf4 14. Bxf4 exf4
15. Nf5 Bxf5 16. gxf5 Nxe4 17. Qxe4 Re8 18. Be6 fxe6 19. fxe6 Qf6 20. O-O-O
Qxe6 21. Qxb7 Bxf2 22. Qb3 Rab8 23. Qxe6+ Rxe6 24. Kc2 Re3 25. Nd4 c5 26. Nb3
Re2+ 27. Rd2 f3 28. Rf1 Rd8 29. Rfd1 c4 30. Nc1 Rexd2+ 31. Rxd2 Bh4 0-1

[Event "FRA ch blitz  2010"]
[Site "Paris"]
[Date "2010.??.??"]
[Round "10"]
[White "Fier, Alexander Hilario T"]
[Black "Franca, Ricardo Bedin"]
[Result "1-0"]
[WhiteElo "2653"]
[BlackElo "2300"]
[PlyCount "57"]
[EventDate "2010.02.??"]
[EventType "tourn (blitz)"]
[EventRounds "13"]
[EventCountry "FRA"]

1. d4 d5 2. c4 c6 3. Nf3 Nf6 4. e3 a6 5. Bd3 b5 6. b3 Bg4 7. Nbd2 Nbd7 8. Bb2
e6 9. Qc2 Bxf3 10. Nxf3 Bb4+ 11. Ke2 O-O 12. Rhd1 Rc8 13. c5 Ba5 14. a4 Bc7 15.
axb5 axb5 16. Ra6 Bb8 17. Ne5 Nxe5 18. dxe5 Nd7 19. Bxh7+ Kh8 20. Bd3 Bxe5 21.
b4 Qh4 22. Qb3 Qg4+ 23. Kf1 Bxb2 24. Be2 Qh4 25. Qxb2 Qxh2 26. Bf3 Ne5 27. Ke2
Nxf3 28. gxf3 e5 29. Raa1 1-0